[Event "HUN-chT2 Szechenyi 0910"]
[Site "Hungary"]
[Date "2009.11.08"]
[Round "1.7"]
[White "Nagy, Tibor"]
[Black "Hevezi, Laszlo"]
[Result "0-1"]
[WhiteElo "1843"]
[BlackElo "2097"]
[PlyCount "62"]
[EventDate "2009.11.08"]
[EventType "team-tourn"]
[EventRounds "11"]
[EventCountry "HUN"]
[SourceTitle "EXT 2011"]
[Source "ChessBase"]
[SourceDate "2010.11.26"]
[SourceVersion "1"]
[SourceVersionDate "2010.11.26"]
[SourceQuality "1"]
[WhiteTeam "FKMK"]
[BlackTeam "Keszthely"]
[WhiteTeamCountry "HUN"]
[BlackTeamCountry "HUN"]

1. e4 c6 2. Nf3 d5 3. exd5 cxd5 4. d4 Nf6 5. Nbd2 Bg4 6. c3 Nc6 7. Bb5 Qb6 8. Qb3 Bd7 9. 0-0 e6 10. Re1 Bd6 11. Nf1 0-0 12. Be3 Na5 13. Qc2 Bxb5 14. N1d2 Qa6 15. b3 Bd3 16. Qd1 Rac8 17. c4 dxc4 18. bxc4 Nxc4 19. Bg5 Nxd2 20. Qxd2 Ne4 21. Qe3 Nxg5 22. Nxg5 Bb4 23. Red1 Bc2 24. Rf1 Qd3 25. Qf4 Bd2 26. Qe5 Qf5 27. Nf3 Qxe5 28. dxe5 Bc3 29. Rac1 Bb2 30. Rce1 Bd3 31. Re3 Bxf1 0-1